| 000 -LEADER | |
|---|---|
| fixed length control field | 00699nam a22002177a 4500 |
| 005 - DATE AND TIME OF LATEST TRANSACTION | |
| control field | 20250420134812.0 |
| 008 - FIXED-LENGTH DATA ELEMENTS--GENERAL INFORMATION | |
| fixed length control field | 200721b ||||| |||| 00| 0 eng d |
| 020 ## - INTERNATIONAL STANDARD BOOK NUMBER | |
| International Standard Book Number | 9781441941381 |
| 040 ## - CATALOGING SOURCE | |
| Transcribing agency | KCST |
| 082 ## - DEWEY DECIMAL CLASSIFICATION NUMBER | |
| Classification number | 621.395 |
| Item number | Wa Su |
| 100 ## - MAIN ENTRY--PERSONAL NAME | |
| Personal name | Wang, Alice |
| 9 (RLIN) | 4637 |
| 245 ## - TITLE STATEMENT | |
| Title | Sub-threshold design for ultra low-power systems / |
| Statement of responsibility, etc. | Alice Wang, Benton Highsmith Calhoun, Anantha P. Chandrakasan. |
| 260 ## - PUBLICATION, DISTRIBUTION, ETC. | |
| Place of publication, distribution, etc. | New York ; London : |
| Name of publisher, distributor, etc. | Springer, |
| Date of publication, distribution, etc. | 2006. |
| 300 ## - PHYSICAL DESCRIPTION | |
| Extent | 209 p. |
| 650 ## - SUBJECT ADDED ENTRY--TOPICAL TERM | |
| Topical term or geographic name entry element | Low voltage systems |
| General subdivision | Design and construction. |
| 9 (RLIN) | 4638 |
| 650 ## - SUBJECT ADDED ENTRY--TOPICAL TERM | |
| Topical term or geographic name entry element | Power electronics. |
| 9 (RLIN) | 589 |
| 700 ## - ADDED ENTRY--PERSONAL NAME | |
| Personal name | Calhoun, Benton Highsmith |
| 9 (RLIN) | 4639 |
| 700 ## - ADDED ENTRY--PERSONAL NAME | |
| Personal name | Chandrakasan, Anantha P. |
| 9 (RLIN) | 729 |
| 942 ## - ADDED ENTRY ELEMENTS (KOHA) | |
| Koha item type | Book |
| 942 ## - ADDED ENTRY ELEMENTS (KOHA) | |
| Source of classification or shelving scheme | Dewey Decimal Classification |
| Withdrawn status | Lost status | Source of classification or shelving scheme | Damaged status | Not for loan | Home library | Current library | Date acquired | Cost, normal purchase price | Total checkouts | Full call number | Barcode | Date last seen | Price effective from | Koha item type |
|---|---|---|---|---|---|---|---|---|---|---|---|---|---|---|
| Dewey Decimal Classification | KCST Library | KCST Library | 21/07/2020 | 53.46 | 621.395 Wa Su | 1000000331 | 21/07/2020 | 21/07/2020 | Book |